MARC

LEADER 00000nas a2200000 a 4500
001 ssj0011781
003 WaSeSS
005 20200512172242.0
006 m d
007 cr n
008 021031c18909999gauqr pss o 0 a0eng d
010 |a  2004221979 
016 7 |a 2066536-2  |2 DE-600 
022 |a 1934-3876  |l 0021-9231  |y 0021-9231 
035 |a (WaSeSS)ssj0011781 
037 |b Society of Biblical Literature, 825 Houston Mill Rd., Atlanta, GA 30329  |c $35.00 (single issue) $35.00 (members) $150.00 (non-members/inst.) 
040 |a SNN  |b eng  |c SNN  |d OCLCQ  |d ATL  |d OCL  |d EYM  |d HUL  |d DLC  |d OCLCQ  |d HEBIS  |d OCLCQ  |d DLC  |d MYG  |d GBT  |d OCLCQ  |d VT2  |d OCLCF  |d OCLCQ  |d DEBBG  |d OCLCQ  |d TSC  |d AUD  |d WaSeSS 
042 |a lccopycat  |a nsdp 
050 0 0 |a BS410 
060 4 |a 015009093 
082 1 0 |a 220  |2 14 
130 0 |a Journal of Biblical literature (Online) 
222 0 |a Journal of Biblical literature  |b (Online) 
245 1 0 |a Journal of Biblical literature  |h [electronic resource]. 
246 1 3 |a JBL 
260 |a Boston :  |b Society of Biblical Literature and Exegesis,  |c 1890- 
310 |a Quarterly,  |b 1912- 
321 |a Semiannual,  |b 1890-1911 
362 0 |a Vol. 9, nos. 1/2 (1890)- 
500 |a Imprint varies. 
506 |a License restrictions may limit access. 
538 |a Mode of access: World Wide Web. 
550 |a Issued by: Society of Biblical Literature and Exegesis, 1890-1962; Society of Biblical Literature, 1963- 
588 |a Description based on: Vol. 9, no. 1 (1890); title from journal home page (JSTOR, viewed Mar. 11, 2013). 
588 |a Latest issue consulted: Vol. 131, no. 3 (2012), Project Muse, viewed Mar. 11, 2013. 
630 0 0 |a Bible  |v Periodicals. 
630 0 7 |a Bible.  |2 fast  |0 (OCoLC)fst01356024 
630 0 6 |a Bible  |v Périodiques. 
655 0 |a Electronic journals. 
710 2 |a Society of Biblical Literature and Exegesis (U.S.) 
710 2 |a Society of Biblical Literature. 
776 0 8 |i Print version:  |t Journal of Biblical literature  |x 0021-9231  |w (DLC) 01009638  |w (OCoLC)6207750 
780 0 0 |t Journal of the Society of Biblical Literature and Exegesis (Online)  |x 2326-5159  |w (DLC) 2005237309  |w (OCoLC)62266410 
850 |a DLC 
856 4 0 |z Full text available from Research Library: 12/01/1997 to 12/31/1997  |u https://search.proquest.com/publication/42210 
856 4 0 |z Full text available from Research Library: 08/31/1999 to present  |u https://search.proquest.com/publication/42210